Basic soil mechanics / (Record no. 546591)
[ view plain ]
| 000 -LEADER | |
|---|---|
| fixed length control field | 01483fam a2200217 a 4500 |
| 020 ## - INTERNATIONAL STANDARD BOOK NUMBER | |
| International Standard Book Number | 0470234997 (Wiley) |
| 020 ## - INTERNATIONAL STANDARD BOOK NUMBER | |
| International Standard Book Number | 0582236312 |
| 082 00 - DEWEY DECIMAL CLASSIFICATION NUMBER | |
| Classification number | 624.15136 |
| Author Mark | WHI |
| -- | L-39, P-114 |
| 100 1# - MAIN ENTRY--PERSONAL NAME | |
| Personal name | Whitlow, R. |
| 9 (RLIN) | 42533 |
| 245 10 - TITLE STATEMENT | |
| Title | Basic soil mechanics / |
| Statement of responsibility, etc. | R. Whitlow. |
| 250 ## - EDITION STATEMENT | |
| Edition statement | 3rd ed. |
| 260 ## - PUBLICATION, DISTRIBUTION, ETC. | |
| Place of publication, distribution, etc. | Harlow, Essex, England : |
| Name of publisher, distributor, etc. | Longman Scientific & Technical ; |
| Place of publication, distribution, etc. | New York : |
| Name of publisher, distributor, etc. | Wiley, |
| Date of publication, distribution, etc. | 1995. |
| 300 ## - PHYSICAL DESCRIPTION | |
| Extent | xxi, 559 p. : |
| Other physical details | ill. ; |
| Dimensions | 24 cm. |
| 520 ## - SUMMARY, ETC. | |
| Summary, etc. | Basic Soil Mechanics has long been established as the standard work on the subject for degree and diploma students of civil engineering and building. The third edition has been fully revised and updated to provide students not only with the basic principles but also with an awareness of state-of-the-art developments in the field. |
| 520 8# - SUMMARY, ETC. | |
| Summary, etc. | Basic Soil Mechanics is an essential text for BTEC HNC/D and undergraduate degree courses in civil engineering. It will also be a valuable resource for practising engineers engaged in the design and construction of soil-related structures and systems. |
| 520 8# - SUMMARY, ETC. | |
| Summary, etc. | The approach to stress/strain behaviour has been reconsidered in the light of modern educational methods and the chapter on earth pressure has been revised to take account of the long-awaited British Standard BS 8002. The book also gives greater emphasis to design methods and the use of computers. |
| 526 ## - STUDY PROGRAM INFORMATION NOTE | |
| Program name | 0 |
| Interest level | 0 |
| Reading level | 0 |
| Title point value | 624_151360000000000_WHI |
| 650 #0 - SUBJECT ADDED ENTRY--TOPICAL TERM | |
| Topical term or geographic name entry element | MCE |
| 9 (RLIN) | 379 |
| 650 #0 - SUBJECT ADDED ENTRY--TOPICAL TERM | |
| Topical term or geographic name entry element | Soil mechanics. |
| 942 ## - ADDED ENTRY ELEMENTS (KOHA) | |
| Source of classification or shelving scheme | |
| Koha item type | Book |
| Withdrawn status | Lost status | Source of classification or shelving scheme | Damaged status | Not for loan | Permanent Location | Current Location | Date acquired | Total Checkouts | Total Renewals | Full call number | Barcode | Date last seen | Date last checked out | Price effective from | Koha item type |
|---|---|---|---|---|---|---|---|---|---|---|---|---|---|---|---|
| Military College of Engineering (MCE) | Military College of Engineering (MCE) | 06/16/2014 | 2 | 1 | 624.15136 WHI | MCE-41622 | 01/28/2019 | 12/24/2018 | 06/16/2014 | Book |
